Restaurant design /

Bibliographic Details
Main Author: Alejandro, Reynaldo G.
Format: Book
Language:English
Published: Glen Cove, N.Y. : PBC International, 1987.
Subjects:

MARC

Tag First Indicator Second Indicator Subfields
LEADER 00000cam a2200000 a 4500
001 in00000027002
005 20151007055842.0
008 870512s1987 nyua 00110 eng
010 |a  87061168  
020 |a 0866360549 :  |c $49.95 
035 |a (OCoLC)15791441 
035 |9 AAB9441AM 
040 |a DLC  |c DLC  |d TXA  |d UtOrBLW 
043 |a n-us--- 
049 |a TXAM  |c [A11032376] 
050 0 0 |a NK2195.R4  |b A44 1987 
082 0 |a 747/.8571/0973  |2 19 
100 1 |a Alejandro, Reynaldo G. 
245 1 0 |a Restaurant design /  |c by Reynaldo Alejandro. 
264 1 |a Glen Cove, N.Y. :  |b PBC International,  |c 1987. 
300 |a 252 pages :  |b color illustrations ;  |c 31 cm. 
336 |a text  |b txt  |2 rdacontent 
337 |a unmediated  |b n  |2 rdamedia 
338 |a volume  |b nc  |2 rdacarrier 
500 |a Includes indexes. 
650 0 |a Restaurants  |z United States  |x Decoration. 
650 0 |a Interior decoration  |z United States  |x History  |y 20th century. 
999 |a MARS 
999 f f |s afe5d91a-c5d2-3b9a-9ad0-f4c667d97355  |i 30480b2e-7df1-3996-a482-f3d6473dea3e  |t 0 
952 f f |p normal  |a Texas A&M University  |b College Station  |c Sterling C. Evans Library  |d Evans: Library Stacks  |t 0  |e NK2195.R4 A44 1987  |h Library of Congress classification  |i unmediated -- volume  |m A14825200452 
998 f f |a NK2195.R4 A44 1987  |t 0  |l Evans: Library Stacks